[Event "Sachsen-Anhalt-ch op"]
[Site "Magdeburg"]
[Date "2021.10.28"]
[Round "2"]
[White "Graf, Yvonne"]
[Black "Brueggemann, Frank1111"]
[Result "1-0"]
[WhiteElo "931"]
[BlackElo "1494"]
[PlyCount "71"]
[EventDate "2021.10.28"]
[EventType "swiss"]
[EventRounds "7"]
[EventCountry "GER"]
[SourceTitle "CBM 205 Extra"]
[Source "ChessBase"]
[SourceDate "2022.01.31"]
[SourceVersion "1"]
[SourceVersionDate "2022.01.31"]
[SourceQuality "1"]

1. e4 d6 2. d4 Nf6 3. Nc3 g6 4. Nf3 Bg7 5. Bd3 0-0 6. 0-0 Bg4 7. h3 Bxf3 8. Qxf3 c6 9. Bf4 Nfd7 10. Qe3 e5 11. dxe5 Nxe5 12. Bh6 Bxh6 13. Qxh6 Nxd3 14. cxd3 Nd7 15. Rfe1 Qb6 16. Rab1 Rae8 17. Qe3 Qa6 18. Rbd1 d5 19. Qd4 Nb6 20. exd5 cxd5 21. Rxe8 Rxe8 22. Kf1 Na4 23. Qxa4 Qe6 24. Qg4 f5 25. Qe2 Qd7 26. Qd2 Qd6 27. Re1 Rxe1+ 28. Kxe1 Kf7 29. Qe2 d4 30. Nb5 Qb4+ 31. Qd2 Qxb5 32. Qc2 Qa5+ 33. Ke2 Qe5+ 34. Kf1 b6 35. Qe2 a5 36. Qxe5 1-0